| 000 | 00000nam##2200000za#4500 |
| 001 | 9.661771 |
| 003 | CaOODSP |
| 005 | 20210615120223 |
| 007 | ta |
| 008 | 150407|2000||||xxc||||| f|0| 0 eng|d |
| 020 | |a0-662-64896-X |
| 040 | |aCaOODSP|beng |
| 041 | |aeng |
| 041 | |afre |
| 043 | |an-cn--- |
| 086 | 1 |aSC94-73/2000 |
| 110 | 1 |aCanada.|bCanadian Centre for Management Development. |
| 245 | 10|aNegotiating labour market development agreements / |cby Herman Bakvis and Peter Aucoin. |
| 260 | |aOttawa - Ontario : |bCanadian Centre for Management Development |c2000. |
| 300 | |aEnglish text, iv, 50p. : |breferences, tables ; |c28 cm. |
| 500 | |anull |
| 546 | |aBilingual |
| 563 | |aRing binding |
| 590 | |a02-04|b2002-01-25 |
| 690 | 07|aLabour market|2gcpds |
| 690 | 07|aAgreements|2gcpds |
| 690 | 07|aNegotiations|2gcpds |
| 720 | 1 |aBakvis, Herman |
| 720 | 1 |aAucoin, Peter |
| 776 | 0#|tNégociation d'accords de développement du marché du travail / |w(CaOODSP)9.640015 |
| 776 | 0#|tNegotiating labour market development agreements / |w(CaOODSP)9.695895 |
| 792 | |tNégociation d'accords de développement du marché du travail / |efre|w(CaOODSP)9.661772 |